Quelques aspects du songe dans la litterature espagnole /
Guardado en:
| Autor Principal: | |
|---|---|
| Formato: | Libro |
| Publicado: |
Neuchatel :
Baconniere,
1965
|
| Materias: | |
| Etiquetas: |
Agregar Etiqueta
Sin Etiquetas, Sea el primero en etiquetar este registro!
|
| LEADER | 00504nam a22001575a 4500 | ||
|---|---|---|---|
| 001 | EHU.bham007639 | ||
| 003 | AR-BHAM | ||
| 005 | 20091119143958.0 | ||
| 008 | 130507s1965##################000#0#####d | ||
| 082 | 8 | 0 | |a 809.93513 |
| 100 | 1 | |a Borel, Jean-paul | |
| 245 | 1 | 0 | |a Quelques aspects du songe dans la litterature espagnole / |c Jean-paul Borel. |
| 260 | |a Neuchatel : |b Baconniere, |c 1965 | ||
| 300 | |a 71 p. | ||
| 653 | |a Literatura-valoracion tematica | ||
| 859 | |a AR-BHAM |b BIB. HUMANIDADES - General |h 809.93513 |i B644 |p 75.70 |t Ej.1 | ||
